Statistics for Country Flags with Inverted Colors #2

Click here to take the quiz!

General Stats

  • This quiz has been taken 326 times
  • The average score is 16 of 20

Answer Stats

Country% Correct
Canada
100%
United States
97%
Japan
92%
Spain
90%
Greece
90%
Cyprus
88%
Saudi Arabia
88%
Sri Lanka
86%
Iceland
83%
Bosnia & Herzegovina
82%
Lebanon
82%
Cambodia
81%
Uruguay
78%
France
78%
Iraq
78%
Liechtenstein
71%
Brunei
71%
Afghanistan
65%
Haiti
64%
Botswana
53%

Score Distribution

Percentile by Number Answered

Percent of People with Each Score

Your Score History

You have not taken this quiz